Bad Omens-Just Pretend lyrics - Statistics

General Stats
  • This quiz has been taken 44 times
  • The average score is 264 of 291
Answer Stats
Answer % Correct
a
100%
can
100%
i
100%
i'm
100%
I'm
100%
me
100%
not
100%
so
100%
the
100%
to
100%
when
100%
you
100%
afraid
96%
drown
96%
for
96%
if
96%
just
96%
out
96%
pretend
96%
stay
96%
will
96%
again
93%
at
93%
away
93%
bottom
93%
of
93%
try
93%
wait
93%
want
93%
best
89%
go
89%
know
89%
my
89%
okay
89%
or
89%
over
89%
then
89%
we
89%
where
89%
but
86%
come
86%
getting
86%
heaven
86%
on
86%
til
86%
war
86%
years
86%
against
82%
ain't
82%
gotta
82%
hide
82%
knows
82%
make
82%
say
82%
worthy
82%
different
79%
down
79%
feel
79%
pain
79%
sins
79%
that
79%
wage
79%
way
79%
we'll
79%
behind
75%
day
75%
face
75%
goes
75%
same
75%
smile
75%
would
75%
your
75%
you've
75%
amends
71%
by
71%
I'll
71%
morning
71%
think
71%
don't
68%
weigh
68%
we're
68%
and
64%
have
43%
let
36%
way down
4%
No matching quizzes found
Score Distribution
Percent of People with Each Score
Percentile by Number Answered
Your Score History
You have not taken this quiz